[Event "Tanta op 6th"]
[Site "Tanta"]
[Date "2003.12.14"]
[Round "7"]
[White "Sameeh, Hany"]
[Black "Abdel Fadil, Mohamed"]
[Result "0-1"]
[WhiteElo "2289"]
[BlackElo "2204"]
[PlyCount "100"]
[EventDate "2003.12.07"]
[EventType "swiss"]
[EventRounds "9"]
[EventCountry "EGY"]
[SourceTitle "CBM 097 Extra"]
[Source "ChessBase"]
[SourceDate "2004.01.13"]
[SourceVersion "1"]
[SourceVersionDate "2004.01.13"]
[SourceQuality "1"]

1. e4 d6 2. d4 Nf6 3. Nc3 g6 4. f4 Bg7 5. Nf3 0-0 6. Bd3 Nc6 7. 0-0 Bg4 8. e5 dxe5 9. dxe5 Nd5 10. h3 Bxf3 11. Qxf3 Nxc3 12. bxc3 f6 13. Bc4+ Kh8 14. Rd1 Qc8 15. e6 Na5 16. Qe2 f5 17. Ba3 Bxc3 18. Rab1 Bf6 19. Rd7 c5 20. Bd5 Rb8 21. Qb5 b6 22. Rxa7 Rd8 23. c4 Kg8 24. Bb2 Bxb2 25. Rxb2 Kf8 26. Re2 Nb7 27. Qb2 Kg8 28. Qxb6 Nd6 29. Qa5 Rb1+ 30. Kh2 Re8 31. Rc7 Qb8 32. Qxc5 Rf1 33. g3 Rb1 34. Rd7 Rb2 35. Qf2 Rxe2 36. Qxe2 Qb4 37. Rc7 Qa3 38. c5 Ne4 39. Bxe4 fxe4 40. h4 e3 41. Kh3 Qc1 42. Kg4 Qh1 43. Qd3 Qg2 44. Qxe3 Qd5 45. Qe1 Ra8 46. Kh3 Qf5+ 47. Kh2 Rxa2+ 48. Kg1 h5 49. Qd1 Qxe6 50. Rd7 Qe3+ 0-1

[Event "Tanta op 6th"]
[Site "Tanta"]
[Date "2003.12.09"]
[Round "3"]
[White "Hamad, Ahmad"]
[Black "Abdel Fadil, Mohamed"]
[Result "1-0"]
[WhiteElo "2241"]
[BlackElo "2204"]
[PlyCount "97"]
[EventDate "2003.12.07"]
[EventType "swiss"]
[EventRounds "9"]
[EventCountry "EGY"]
[SourceTitle "CBM 097 Extra"]
[Source "ChessBase"]
[SourceDate "2004.01.13"]
[SourceVersion "1"]
[SourceVersionDate "2004.01.13"]
[SourceQuality "1"]

1. d3 d5 2. Nf3 Nc6 3. c3 e5 4. b4 Bd6 5. e4 dxe4 6. dxe4 Nf6 7. Nbd2 0-0 8. Bc4 h6 9. Qe2 a6 10. a3 Qe7 11. Nh4 Nh7 12. Ng6 Qf6 13. Nxf8 Nxf8 14. 0-0 Ng6 15. g3 Bh3 16. Rd1 Nf4 17. Qe3 Qg6 18. Bf1 Bg4 19. f3 Nh3+ 20. Kh1 Be6 21. Nc4 Be7 22. Qe1 Ng5 23. Bxg5 Bxg5 24. Ne3 Re8 25. Bc4 Bc8 26. a4 Qh5 27. Qe2 Nd8 28. b5 a5 29. Nd5 Be6 30. g4 Qh3 31. Qg2 Qxg2+ 32. Kxg2 Rf8 33. Ba2 c6 34. Nb6 Bxa2 35. Rxa2 Ne6 36. bxc6 bxc6 37. Nc4 Nf4+ 38. Kg3 Ng6 39. Nxa5 Bh4+ 40. Kh3 Rc8 41. Nc4 f6 42. a5 Ra8 43. a6 Ra7 44. Rb1 Kh7 45. Rb7 Ra8 46. a7 Be1 47. Kg2 Nh4+ 48. Kf1 Nxf3 49. Ke2 1-0

[Event "Tanta op 6th"]
[Site "Tanta"]
[Date "2003.12.08"]
[Round "2"]
[White "Abdel Fadil, Mohamed"]
[Black "Hassan, Tarek Ahmed"]
[Result "0-1"]
[WhiteElo "2204"]
[BlackElo "2278"]
[PlyCount "66"]
[EventDate "2003.12.07"]
[EventType "swiss"]
[EventRounds "9"]
[EventCountry "EGY"]
[SourceTitle "CBM 097 Extra"]
[Source "ChessBase"]
[SourceDate "2004.01.13"]
[SourceVersion "1"]
[SourceVersionDate "2004.01.13"]
[SourceQuality "1"]

1. e4 c5 2. Nf3 e6 3. d4 cxd4 4. Nxd4 Nf6 5. Nc3 d6 6. f4 a6 7. Qf3 Qb6 8. a3 Nc6 9. Nb3 Qc7 10. Bd3 Be7 11. g4 Nd7 12. Be3 b5 13. 0-0 Bb7 14. Rad1 b4 15. axb4 Nxb4 16. Bd4 Nxd3 17. cxd3 Bf6 18. g5 Bxd4+ 19. Nxd4 g6 20. Qf2 Qb6 21. b4 0-0 22. b5 Rfc8 23. Na4 Qa5 24. Ra1 axb5 25. Nc5 Qxa1 26. Nxd7 Rc1 27. Nf6+ Kg7 28. Rxc1 Qxc1+ 29. Kg2 b4 30. Ng4 Qd1 31. Nf3 Qxd3 32. Qh4 Qxe4 33. Qh6+ Kh8 0-1

[Event "Golden Cleopatra op 6th"]
[Site "Cairo"]
[Date "2002.04.16"]
[Round "10"]
[White "Yousry, Salah"]
[Black "Abdel Fadil, Mohamed"]
[Result "0-1"]
[WhiteElo "2271"]
[BlackElo "2182"]
[PlyCount "78"]
[EventDate "2002.04.07"]
[EventType "swiss"]
[EventRounds "11"]
[EventCountry "EGY"]
[SourceTitle "CBM 087 Extra"]
[Source "ChessBase"]
[SourceDate "2002.05.03"]
[SourceVersion "2"]
[SourceVersionDate "2002.08.09"]
[SourceQuality "1"]

1. e4 d6 2. d3 e5 3. f4 g6 4. Nf3 Bg7 5. c3 Bg4 6. h3 Bxf3 7. Qxf3 Nc6 8. Be2 Qd7 9. 0-0 Nge7 10. f5 gxf5 11. exf5 Bf6 12. b4 a6 13. a4 d5 14. Nd2 Nxb4 15. cxb4 e4 16. dxe4 Bxa1 17. f6 dxe4 18. Nxe4 Bd4+ 19. Kh1 Ng6 20. Qh5 Ne5 21. Bf4 Qd5 22. Qf5 Rd8 23. Bh6 Rg8 24. Qxh7 Rg6 25. Ng5 Rd6 26. Bh5 Qc4 27. Re1 Rgxf6 28. Be2 Qc3 29. Qg8+ Kd7 30. Bg4+ Kc6 31. Nf3 Rxh6 32. b5+ Kb6 33. bxa6 Nxg4 34. Rb1+ Ka5 35. Qg5+ Ne5 36. axb7 Rxh3+ 37. Nh2 Rb6 38. Rc1 Re3 39. b8Q Rxb8 0-1

[Event "Cairo op"]
[Site "Cairo"]
[Date "1998.??.??"]
[Round "7"]
[White "Abdel Fadil, Mohamed"]
[Black "Hamam, Reda"]
[Result "1-0"]
[WhiteElo "2190"]
[BlackElo "2215"]
[PlyCount "55"]
[EventDate "1998.??.??"]
[EventType "swiss"]
[EventRounds "10"]
[EventCountry "EGY"]
[SourceTitle "EXT 1999"]
[Source "ChessBase"]
[SourceDate "1998.11.16"]
[SourceVersion "1"]
[SourceVersionDate "1998.11.16"]
[SourceQuality "1"]

1. e4 c5 2. Nf3 d6 3. d4 cxd4 4. Nxd4 Nf6 5. Nc3 a6 6. Bg5 e6 7. f4 Nbd7 8. Qf3 Qc7 9. 0-0-0 Be7 10. Bd3 h6 11. Bh4 g5 12. fxg5 Ne5 13. Qe2 Nh7 14. Nf3 hxg5 15. Bg3 Nxf3 16. gxf3 Bd7 17. h4 0-0-0 18. hxg5 Bxg5+ 19. f4 Be7 20. e5 Rdg8 21. Rxh7 Rxh7 22. Bxh7 Rxg3 23. Ne4 Rg7 24. exd6 Qc6 25. dxe7 Rxh7 26. Qd3 Rh8 27. Nf6 Rh1 28. e8Q+ 1-0

[Event "Cairo op"]
[Site "Cairo"]
[Date "1998.??.??"]
[Round "4"]
[White "Abdel Fadil, Mohamed"]
[Black "Vaysman, Alexander N"]
[Result "0-1"]
[WhiteElo "2190"]
[BlackElo "2345"]
[PlyCount "40"]
[EventDate "1998.??.??"]
[EventType "swiss"]
[EventRounds "10"]
[EventCountry "EGY"]
[SourceTitle "EXT 1999"]
[Source "ChessBase"]
[SourceDate "1998.11.16"]
[SourceVersion "1"]
[SourceVersionDate "1998.11.16"]
[SourceQuality "1"]

1. e4 Nf6 2. e5 Nd5 3. d4 d6 4. exd6 cxd6 5. c4 Nb6 6. Bd3 g6 7. Nc3 Bg7 8. Be3 Nc6 9. Nge2 0-0 10. a3 d5 11. c5 Nc4 12. Bxc4 dxc4 13. d5 Ne5 14. 0-0 Bf5 15. Qa4 Bd3 16. Rfe1 Ng4 17. Nf4 Nxe3 18. fxe3 Qc7 19. Nxd3 cxd3 20. Qc4 Be5 0-1